[Event "ESP-ch U16 rapid"]
[Site "Salobrena"]
[Date "2023.07.30"]
[Round "7"]
[White "Lorca Sanchez, Manuel"]
[Black "Perez Sousa, Xabier"]
[Result "0-1"]
[WhiteElo "1403"]
[BlackElo "1838"]
[PlyCount "82"]
[EventDate "2023.07.29"]
[EventType "swiss (rapid)"]
[EventRounds "9"]
[EventCountry "ESP"]
[SourceTitle "EXT 2024"]
[Source "ChessBase"]
[SourceDate "2023.10.10"]
[SourceVersion "1"]
[SourceVersionDate "2023.10.10"]
[SourceQuality "1"]

1. e4 c5 2. Nf3 g6 3. d4 cxd4 4. Nxd4 Bg7 5. Nc3 Nc6 6. Be3 Nf6 7. Bc4 d6 8. h3 0-0 9. 0-0 Bd7 10. Qd2 Rc8 11. Bb3 a6 12. a4 Re8 13. f4 Qa5 14. Rad1 b5 15. axb5 axb5 16. Ncxb5 Qxd2 17. Rxd2 Nxe4 18. Rdd1 Nxd4 19. Nxd4 Ng3 20. Rfe1 Nf5 21. Nxf5 Bxf5 22. Rd2 Bxb2 23. g4 Be4 24. Rde2 d5 25. Kf2 e6 26. c4 Bc3 27. Rc1 d4 28. Bd2 Bd3 29. Bxc3 Bxe2 30. Kxe2 dxc3 31. Rxc3 Rc5 32. Kf3 Ra8 33. Bd1 Ra1 34. Be2 Rca5 35. c5 R1a3 36. Rxa3 Rxa3+ 37. Ke4 Rxh3 38. c6 Rc3 39. Bb5 Kf8 40. Kd4 Rc1 41. Bc4 Ke7 0-1